000 01601nam a2200313 i 4500
001 000026386
003 DO-SdBNP
005 20260331101506.0
007 ta
008 110316s2009 dr abcd r 001 0 spa d
040 _aDO-SdBNP
_bspa
_cBNPHU
_erda
041 _aspa
082 4 _a338.97293
_bP965e
_222
245 0 0 _aPropuesta de estrategia nacional de desarrollo 2010-2030 :
_bun viaje de transformación hacia un país mejor.
264 _aSanto Domingo, República Dominicana :
_bAlfa y Omega,
_c2009.
300 _a153, 38 páginas :
_bilustraciones, gráficos, mapa., retratos ;
_c23 cm
336 _atexto
_btxt
_2rdacontent
337 _asin mediación
_bn
_2rdamedia
338 _avolumen
_bnc
_2rdacarrier
500 _aA la cabeza de la portada : Un viaje de transformación hacia un país mejor
505 2 _aPrimera parte : Documeto base de la propuesta de estrategia nacional de desarrollo 2010-2030 -- Segunda parte: anteproyecto de ley de estrategia nacional de desarrollo de la República Dominicana 2010-2030 --Tercera parte : propuesta de estrategia nacional de desarrollo 2010-2030 : indicadores y metas
590 _aInventariado, 2018/BT
651 4 _aRepública Dominicana
_xPolítica económica
_y2010-2030
_953415
651 4 _aRepública Dominicana
_xCondiciones económicas
_y2010-2030
_953416
651 4 _aRepública Dominicana
_xCondiciones sociales
_y2010-2030
_953417
710 1 _aRepública Dominicana.
_bMinisterio de Educación y Desarrollo.
_bConsejo Nacional de Reforma del Estado
_953418
910 _aValidado. Control de calidad. MFF
942 _2ddc
_cLBS1
999 _c25878
_d25878